| 000 | 00569nam a2200205Ia 4500 | ||
|---|---|---|---|
| 008 | 170918s9999 xx 000 0 und d | ||
| 020 | _a9780590849029 | ||
| 050 | _bD121 1996 | ||
| 100 | _aDadey, Debbie | ||
| 245 | _aAngels don't know karate / | ||
| 245 | _cby Debbie Dadey and Marcia Thorthon Jones ; illustrated by John Steven Gurney. | ||
| 260 | _aNew York : | ||
| 260 | _bScholastic, | ||
| 260 | _c1996 | ||
| 300 | _a67 pages : | ||
| 300 | _billustrations ; | ||
| 300 | _c19cm. | ||
| 300 | _eThe adventures of the Bailey school kids. | ||
| 500 | _a570 | ||
| 999 |
_c343264 _d343264 |
||